00558nam a22001697a 450000500170000001000130001702000180003003500130004803700180006108200150007910000240009424500980011826000300021627000620024630000300030850000500033820181029151317.0 aB-710667 a9780713993592 aB-710667 bPenguin Books a327.124704 aAndrew, Christopher aThe Mitrokhin archive II:bThe KGB and the world /cChristopher Andrew [and] Vasili Mitrokhin aNew DelhibPenguin c2005 aII , Community Centre, Panchsheel ParkbNew Delhie110017 axxxiii, 677p.c24 cm(pbk) aincludes bibliographical references and index